Państwa Cesarstwa Wielkiej Japonii - nagła śmierć - Statystyki

Ogólne statystyki
  • Ten quiz został rozwiązany 3 573 razy
  • Średni wynik to 11 z 19
Answers on the Grid
Answers color-coded by a green-red scale on the quiz's grid according to % correct below.
Afganistan
Bhutan
Brunei
Chiny
Filipiny
Indonezja
Japonia
Jemen
Kambodża
Kanada
Kazachstan
Kiribati
Korea Północna
Korea Południowa
Madagaskar
Malediwy
Malezja
Mjanma
Mołdawia
Nauru
Nepal
Nowa Zelandia
Pakistan
Papua Nowa Gwinea
Peru
Rosja
Singapur
Sri Lanka
Tajwan
Timor Wschodni
Wietnam
Wyspy Salomona
 
Statystyki odpowiedzi
Odpowiedź % Poprawnych
Chiny
87%
Japonia
86%
Filipiny
77%
Korea Południowa
77%
Korea Północna
76%
Indonezja
74%
Malezja
63%
Kambodża
61%
Tajwan
57%
Brunei
54%
Wietnam
54%
Mjanma
53%
Singapur
52%
Papua Nowa Gwinea
47%
Timor Wschodni
45%
Kiribati
42%
Rosja
39%
Wyspy Salomona
38%
Nauru
37%
Nie znaleziono quizów pasujących do podanych kryteriów
Rozkład punktacji
Procent ludzi z każdym wynikiem
Percentyl według liczby udzielonych odpowiedzi
Twoja historia wyników
Nie rozwiązałeś tego quizu